| 000 -LEADER |
| fixed length control field |
00583nam a2200205Ia 4500 |
| 001 - CONTROL NUMBER |
| control field |
907 |
| 003 - CONTROL NUMBER IDENTIFIER |
| control field |
GE_BSU |
| 008 - FIXED-LENGTH DATA ELEMENTS--GENERAL INFORMATION |
| fixed length control field |
181216s||||||||xx |||||||||||||| ||und|| |
| 040 ## - CATALOGING SOURCE |
| Transcribing agency |
GE_BSU |
| 080 ## - UNIVERSAL DECIMAL CLASSIFICATION NUMBER |
| Universal Decimal Classification number |
94(479.9):94(5)(479.9) |
| 245 ## - TITLE STATEMENT |
| Title |
Кавказско-Ближневосточный сборник.VIII |
| 245 ## - TITLE STATEMENT |
| Statement of responsibility, etc. |
Отв.ред.Г.Г.Гиоргадзе |
| 260 ## - PUBLICATION, DISTRIBUTION, ETC. |
| Place of publication, distribution, etc. |
Тбилиси |
| 260 ## - PUBLICATION, DISTRIBUTION, ETC. |
| Name of publisher, distributor, etc. |
Мецниереба |
| 260 ## - PUBLICATION, DISTRIBUTION, ETC. |
| Date of publication, distribution, etc. |
1988 |
| 300 ## - PHYSICAL DESCRIPTION |
| Extent |
227стр. |
| 653 ## - INDEX TERM--UNCONTROLLED |
| Uncontrolled term |
Кавказско-Ближневосточный сборник |
| 942 ## - ADDED ENTRY ELEMENTS (KOHA) |
| Koha item type |
წიგნი |